000 00931nam a2200241Ia 4500
003 Ost
005 20260507075118.0
008 260507s9999||||xx |||||||||||||| ||und||
020 _a6345083977
040 _cfsecg
041 _aara
082 _a382
100 _aحاتم، سامي عفيفي
_eمؤلف
245 0 _aالتجارة الخارجية بين التنظير والتنظيم /
_c سامي عفيفي حاتم
250 _aطبعة 2
260 _aالقاهرة:
_bالدار المصرية اللبنانية,
_c1994
300 _a431 صفحة؛
_bإيضاحات ؛
_c25 سم
520 _aالصرف الأجنبي- توازن ميزان المدفوعات- نظام النقد والتمويل الدولي- التكامل الإقتصادي الإقليمي
653 _aالتجارة
653 _aالتجارة الخارجية
653 _aالتجارة الدولية
942 _cكتاب
999 _c43039
_d43039